00949 2200385 4500001002100000005001700021006001900038008004100057020002200098035002500120090001400145100001400159245001700173260003300190700001700223990001700240990001700257990001700274990001700291990001700308990001700325990001700342990001700359990001700376990001700393990001700410990001700427990001700444990001700461990001700478990001700495990001700512990001700529990001700546INLIS00000000000848720140311130711.0a ||| | 180719| ||| |  a978-979-063-559-3 a0010-081300000000124 a813 GON l0 aGola Gong00aLukisan Aini aJakartabZaikrul Hakimc20100 aTias Tatanka a8654/PN/2013 a8654/PN/2013 a9009/PN/2013 a9009/PN/2013 a8654/PN/2013 a8654/PN/2013 a9009/PN/2013 a9009/PN/2013 a8654/PN/2013 a8654/PN/2013 a9009/PN/2013 a9009/PN/2013 a8654/PN/2013 a8654/PN/2013 a9009/PN/2013 a9009/PN/2013 a8654/PN/2013 a8654/PN/2013 a9009/PN/2013